|
|
|
|
| LEADER |
00000nam0a2200000 4500 |
| 001 |
8134 |
| 005 |
20231030181702.0 |
| 010 |
|
|
|a 5881551559
|
| 035 |
|
|
|a (RuTPU)RU\TPU\book\8180
|
| 035 |
|
|
|a BOOK00008239
|
| 090 |
|
|
|a 8134
|
| 100 |
|
|
|a 20011209d1997 m y0rusy50 ca
|
| 101 |
0 |
|
|a rus
|
| 102 |
|
|
|a RU
|
| 105 |
|
|
|a a z 000zy
|
| 200 |
1 |
|
|a Постижение кармы
|f В. Н. Богданович
|
| 210 |
|
|
|a СПб.
|c СМИО Пресс
|c Диамант
|d 1997
|
| 215 |
|
|
|a 288 с.
|c ил.
|
| 225 |
1 |
|
|a Целительные силы кармы
|
| 610 |
1 |
|
|a психология
|
| 610 |
1 |
|
|a парапсихология
|
| 610 |
1 |
|
|a личность
|
| 610 |
1 |
|
|a карма
|
| 686 |
|
|
|a Ю960
|v LBC/SL-A
|2 rubbk
|
| 700 |
|
1 |
|a Богданович
|b В. Н.
|g Виталий Николаевич
|
| 801 |
|
0 |
|a RU
|b 63413507
|c 20011209
|g PSBO
|
| 801 |
|
2 |
|a RU
|b 63413507
|c 20220328
|g PSBO
|
| 942 |
|
|
|c BK
|